Guess the Movie/TV Show - Pixelated Images #9 - Statistics

General Stats
  • This quiz has been taken 47 times
  • The average score is 11 of 15
Answer Stats
Picture Hint Answer % Correct
1994 The Lion King
100%
1989–present The Simpsons
100%
1991 The Addams Family
95%
1998 Mulan
83%
2012 The Hunger Games
81%
2001 The Lord of the Rings Series
79%
1984 The Karate Kid
76%
2012 The Lorax
76%
1978 Halloween
74%
2002–2007 Kim Possible
69%
2015 The Martian
52%
2021–2023 Loki
48%
1989–1998 Seinfeld
48%
2015 Pixels
40%
1979 Apocalypse Now
38%
No matching quizzes found
Score Distribution
Percent of People with Each Score
Percentile by Number Answered
Your Score History
You have not taken this quiz